हस्तक्षेप / (Record no. 52889)
[ view plain ]
| 000 -LEADER | |
|---|---|
| fixed length control field | 01174nam a22002297a 4500 |
| 005 - DATE AND TIME OF LATEST TRANSACTION | |
| control field | 20110614160533.0 |
| 008 - FIXED-LENGTH DATA ELEMENTS--GENERAL INFORMATION | |
| fixed length control field | 110614t xxu||||| |||| 00| 0 mar d |
| 010 ## - LCCN (DPL NO) | |
| LC control number | MAR-20929 |
| 020 ## - INTERNATIONAL STANDARD BOOK NUMBER | |
| Terms of availability | 160.00 |
| International Standard Book Number | 81903719 |
| 035 ## - SYSTEM CONTROL NUMBER | |
| System control number | MR-13587 |
| 037 ## - SOURCE OF ACQUISITION | |
| Source of stock number/acquisition | DBAD / PUB |
| 040 ## - CATALOGING SOURCE | |
| Original cataloging agency | DPL |
| Language of cataloging | MR |
| 082 ## - DEWEY DECIMAL CLASSIFICATION NUMBER | |
| Classification number | 891.4608 |
| 100 ## - MAIN ENTRY--PERSONAL NAME | |
| Personal name | जोशी श्रीपाद भालचंद्र |
| 9 (RLIN) | 28598 |
| 245 ## - TITLE STATEMENT | |
| Title | हस्तक्षेप / |
| Statement of responsibility, etc | श्रीपाद भालचंद्र जोशी |
| 246 ## - VARYING FORM OF TITLE | |
| Title proper/short title | Hastakshep |
| Remainder of title | by Shripad Bhalchandra Joshi |
| 260 ## - PUBLICATION, DISTRIBUTION, ETC. (IMPRINT) | |
| Place of publication, distribution, etc | नागपूर |
| Name of publisher, distributor, etc | आकांक्षा प्रकाशन व पुस्कालय |
| Date of publication, distribution, etc | 2010 |
| 270 ## - ADDRESS | |
| Address | 265,मिलेनियम ब्लिंडिग वेस्ट हायकोर्ट रोड बजाज नगर |
| City | नागपूर |
| Postal code | 440010 |
| 300 ## - PHYSICAL DESCRIPTION | |
| Extent | 140पृ. |
| Dimensions | 21सेमी(अजिल्द) |
| 942 ## - ADDED ENTRY ELEMENTS (KOHA) | |
| Source of classification or shelving scheme | Dewey Decimal Classification |
| Item type | Marathi Books |
| Classification part | 891.4608 |
| Call number suffix | जोशीश्री |
| Withdrawn status | Lost status | Source of classification or shelving scheme | Damaged status | Not for loan | Collection code | Home library | Current library | Date acquired | Source of acquisition | Cost, normal purchase price | Total Checkouts | Full call number | Barcode | Date last seen | Copy number | Cost, replacement price | Koha item type |
|---|---|---|---|---|---|---|---|---|---|---|---|---|---|---|---|---|---|
| Dewey Decimal Classification | Not For Loan | Non-fiction | D.B.Act.Division | D.B.Act.Division | 14/06/2011 | DBAD / PUB | 160.00 | 891.4608 जोशीश्री | MR-13587 | 14/06/2011 | 1 | 160.00 | Marathi Books |
